Normal view
MARC view
- Naseer, Rashid
Entry Personal Name
001 - CONTROL NUMBER
- control field: 16205
003 - CONTROL NUMBER IDENTIFIER
- control field: NUST
005 - DATE AND TIME OF LATEST TRANSACTION
- control field: 20190701111621.0
008 - FIXED-LENGTH DATA ELEMENTS
- fixed length control field: 190701|| aca||aabn | a|a d
040 ## - CATALOGING SOURCE
- Original cataloging agency: NUST
- Transcribing agency: NUST
100 ## - HEADING--PERSONAL NAME
- Personal name: Naseer, Rashid
670 ## - SOURCE DATA FOUND
- Source citation: Work cat.: (NUST): Naseer, Rashid, Modeling the Non-Newtonian Engine Oil behavior in 1st Compression Ring Lubrication /, 2013.
